[Event "NED-ch U14"]
[Site "Almelo"]
[Date "2021.08.04"]
[Round "5"]
[White "Dekker, Thiemen"]
[Black "Ekker, Joshua"]
[Result "1-0"]
[WhiteElo "1806"]
[BlackElo "1695"]
[PlyCount "77"]
[EventDate "2021.08.01"]
[EventType "swiss"]
[EventRounds "9"]
[EventCountry "NED"]
[SourceTitle "EXT 2022"]
[Source "ChessBase"]
[SourceDate "2021.10.06"]
[SourceVersion "1"]
[SourceVersionDate "2021.10.06"]
[SourceQuality "1"]

1. e4 e5 2. Nf3 Nc6 3. Bc4 Nf6 4. d3 Bc5 5. c3 d6 6. a4 a5 7. Bg5 h6 8. Bh4 0-0 9. Nbd2 Bg4 10. h3 Bh5 11. g4 Bg6 12. g5 hxg5 13. Bxg5 Bh5 14. Qb3 Rb8 15. Bh4 Qe7 16. 0-0-0 g6 17. Rdg1 Kg7 18. Rg5 Qd7 19. Rhg1 Ne7 20. d4 Bxf3 21. Nxf3 Bb6 22. dxe5 dxe5 23. Nxe5 Qxh3 24. Bg3 Nxe4 25. Nxf7 Bxf2 26. Bxf2 Rxf7 27. Bd4+ Kf8 28. Bxf7 Nxg5 29. Bc4 Ne4 30. Rf1+ Nf5 31. Qa3+ Ke8 32. Re1 Qh6+ 33. Kb1 Nfd6 34. Bb5+ Kd8 35. Qa2 Qh7 36. Qe6 g5 37. Ka1 b6 38. Rxe4 Qh1+ 39. Re1 1-0

[Event "NED-ch U14"]
[Site "Almelo"]
[Date "2021.08.01"]
[Round "1"]
[White "Lopes, Samuel"]
[Black "Ekker, Joshua"]
[Result "0-1"]
[WhiteElo "1124"]
[BlackElo "1695"]
[PlyCount "100"]
[EventDate "2021.08.01"]
[EventType "swiss"]
[EventRounds "9"]
[EventCountry "NED"]
[SourceTitle "EXT 2022"]
[Source "ChessBase"]
[SourceDate "2021.10.06"]
[SourceVersion "1"]
[SourceVersionDate "2021.10.06"]
[SourceQuality "1"]

1. e4 e5 2. Nf3 Nc6 3. d4 exd4 4. Bc4 Nf6 5. e5 Ng4 6. Bxf7+ Kxf7 7. Ng5+ Kg8 8. Qxg4 h6 9. Nf3 d6 10. Qf4 dxe5 11. Nxe5 Qe8 12. 0-0 Qxe5 13. Qxe5 Nxe5 14. f4 Nc6 15. c3 Bc5 16. Kh1 Bf5 17. b4 Bb6 18. Bb2 d3 19. Nd2 Re8 20. Rae1 Kf7 21. Nf3 Rxe1 22. Rxe1 Re8 23. Rxe8 Kxe8 24. Bc1 Ne7 25. h3 Nd5 26. Bd2 Be3 27. Be1 Bxf4 28. Kg1 Be4 29. Nd2 Nxc3 30. Nxe4 Nxe4 31. g3 d2 32. Bxd2 Bxd2 33. b5 Nxg3 34. a4 c5 35. bxc6 bxc6 36. h4 c5 37. h5 c4 38. Kf2 c3 39. a5 c2 40. a6 c1Q 41. Kg2 Qf1+ 42. Kh2 Qxa6 43. Kxg3 Qd3+ 44. Kf2 a5 45. Kg2 a4 46. Kf2 a3 47. Kg2 a2 48. Kh2 a1Q 49. Kg2 Qaf1+ 50. Kh2 Qdh3# 0-1

[Event "NED-ch U12 op"]
[Site "Borne"]
[Date "2019.08.08"]
[Round "8"]
[White "Schoonenwolf, Jack"]
[Black "Ekker, Joshua"]
[Result "1-0"]
[WhiteElo "1225"]
[BlackElo "1281"]
[PlyCount "63"]
[EventDate "2019.08.05"]
[EventType "swiss"]
[EventRounds "13"]
[EventCountry "NED"]
[SourceTitle "EXT 2020"]
[Source "ChessBase"]
[SourceDate "2019.10.17"]
[SourceVersion "1"]
[SourceVersionDate "2019.10.17"]
[SourceQuality "1"]

1. e4 e5 2. Nf3 Nc6 3. Bc4 Nf6 4. d3 Bc5 5. Nc3 d6 6. Bg5 Be6 7. Nd5 Bxd5 8. Bxd5 h6 9. Be3 Bb6 10. Bxc6+ bxc6 11. 0-0 Rb8 12. Rb1 0-0 13. Re1 Qd7 14. Bxb6 cxb6 15. d4 Qe6 16. Qd3 b5 17. b3 Rfe8 18. dxe5 dxe5 19. Rbd1 Rbd8 20. Qxd8 Rxd8 21. Rxd8+ Kh7 22. Ra8 Qe7 23. h3 Qb7 24. Rd8 Qe7 25. Red1 Nxe4 26. R8d7 Qc5 27. Rxf7 Nxf2 28. Rdd7 Ne4+ 29. Kh2 h5 30. Rxg7+ Kh6 31. Nh4 Qf2 32. Rg6# 1-0